000 00672nam a22002417a 4500
003 UA-OsUOA
001 60543
007 ta
008 20090526b un ||||| |||| 00| 0 ukr d
090 _a02(082)
_bН34
942 _cBK
040 _aUA-OsUOA
_bukr
_cUA-OsUOA
_dUA-OsUOA
245 _aНаукові праці Національної бібліотеки України імені В. І. Вернадського
300 _a567 с.
955 _a1
041 _aukr
080 _a02(082)
020 _a966-02-2655-1
260 _aК.
_bНБУВ
_c2004
250 _nВип. 13
650 7 _a02 Бібліотечна справа
_2UDC
999 _c346734
_d346734